[Event "17th EUR-ch"]
[Site "Gjakova KOS"]
[Date "2016.05.16"]
[Round "5.11"]
[White "Goganov, Aleksey"]
[Black "Naer, Evgeny"]
[Result "1-0"]
[WhiteElo "2600"]
[BlackElo "2681"]
[EventDate "2016.05.12"]
[PlyCount "78"]

1.Nf3 d5 2.d4 Nf6 3.c4 c6 4.e3 Bg4 5.Qb3 Qb6 6.Nc3 e6 7.Nh4 Be7 8.h3 Bh5 
9.g4 Bg6 10.Nxg6 hxg6 11.Bg2 g5 12.O-O Nbd7 13.Rd1 Qxb3 14.axb3 a6 15.f3 
O-O-O 16.e4 dxc4 17.bxc4 Nh7 18.Na4 e5 19.d5 Nc5 20.b4 Nxa4 21.Rxa4 Nf8 
22.Be3 Ne6 23.Rda1 Nd4 24.Bxd4 exd4 25.c5 Rh6 26.d6 Bf6 27.f4 gxf4 28.g5 
Bxg5 29.e5 Re6 30.Rxa6 bxa6 31.Bxc6 Rd7 32.Rxa6 Rb7 33.Bxb7+ Kxb7 34.b5 
Rxe5 35.c6+ Kb8 36.c7+ Kb7 37.Rc6 Re1+ 38.Kg2 f3+ 39.Kxf3 Re3+ 1-0

[Event "17th EUR-ch"]
[Site "Gjakova KOS"]
[Date "2016.05.16"]
[Round "5.12"]
[White "Korobov, Anton"]
[Black "Saric, Ante"]
[Result "1/2-1/2"]
[WhiteElo "2674"]
[BlackElo "2594"]
[EventDate "2016.05.12"]
[PlyCount "39"]

1.d4 d5 2.c4 e6 3.Nc3 Be7 4.Nf3 Nf6 5.Bf4 O-O 6.e3 c5 7.dxc5 Bxc5 8.a3 Nc6
9.Qc2 Qa5 10.Be2 d4 11.exd4 Nxd4 12.Nxd4 Bxd4 13.Bd2 Qf5 14.Qxf5 exf5 15.
O-O Ne4 16.Nxe4 fxe4 17.Rab1 Be6 18.Be3 Rfd8 19.Rfd1 Bxe3 20.fxe3 1/2-1/2

[Event "17th EUR-ch"]
[Site "Gjakova KOS"]
[Date "2016.05.16"]
[Round "5.15"]
[White "Stefansson, Hannes"]
[Black "Swiercz, Dariusz"]
[Result "1/2-1/2"]
[WhiteElo "2581"]
[BlackElo "2656"]
[EventDate "2016.05.12"]
[PlyCount "54"]

1.d4 Nf6 2.c4 g6 3.Nc3 d5 4.cxd5 Nxd5 5.Bd2 Nb6 6.Bg5 Bg7 7.e3 c5 8.dxc5 
Bxc3+ 9.bxc3 Qxd1+ 10.Rxd1 N6d7 11.e4 Nxc5 12.f3 b6 13.h4 f6 14.Be3 Nbd7 
15.Bb5 Ba6 16.a4 Bxb5 17.axb5 a6 18.bxa6 Rxa6 19.Ne2 Ra2 20.Rd2 Ra1+ 21.
Rd1 Nd3+ 22.Kd2 Ra2+ 23.Kxd3 Ne5+ 24.Kd4 Ra4+ 25.Kd5 Ra5+ 26.Kd4 Ra4+ 27.
Kd5 Ra5+ 1/2-1/2

[Event "17th EUR-ch"]
[Site "Gjakova KOS"]
[Date "2016.05.16"]
[Round "5.16"]
[White "Bartel, Mateusz"]
[Black "Zubov, Alexander"]
[Result "1/2-1/2"]
[WhiteElo "2653"]
[BlackElo "2612"]
[EventDate "2016.05.12"]
[PlyCount "79"]

1.e4 c5 2.Nf3 e6 3.d4 cxd4 4.Nxd4 a6 5.Nc3 d6 6.Nb3 Nf6 7.g4 b5 8.Bg2 Bb7 
9.g5 Nfd7 10.h4 Nc6 11.f4 b4 12.Ne2 Qb6 13.Rh3 a5 14.Be3 Qc7 15.c4 e5 16.
f5 Nc5 17.Ng3 a4 18.Nc1 Nb8 19.Nd3 Nxd3+ 20.Qxd3 Nd7 21.Rd1 Ba6 22.b3 Nc5 
23.Qc2 Bb7 24.Nh5 Nd7 25.Rg3 Bc6 26.f6 g6 27.Ng7+ Bxg7 28.fxg7 Rg8 29.Qd2 
axb3 30.axb3 Ke7 31.Rf3 Bxe4 32.Rxf7+ Kxf7 33.Bxe4 Ra6 34.Bd5+ Kxg7 35.
Bxg8 Kxg8 36.Qxb4 Qc6 37.Rd5 Nb6 38.Bxb6 Rxb6 39.Qa4 Qxa4 40.bxa4 1/2-1/2

[Event "17th EUR-ch"]
[Site "Gjakova KOS"]
[Date "2016.05.16"]
[Round "5.17"]
[White "Grandelius, Nils"]
[Black "Prohaszka, Peter"]
[Result "1/2-1/2"]
[WhiteElo "2649"]
[BlackElo "2593"]
[EventDate "2016.05.12"]
[PlyCount "84"]

1.e4 e5 2.Nf3 Nc6 3.Bb5 Nf6 4.d3 Bc5 5.Bxc6 dxc6 6.O-O Nd7 7.Be3 Bd6 8.
Nbd2 O-O 9.a3 Re8 10.b4 Nf8 11.c4 Be7 12.Qc2 Ng6 13.Nb3 f5 14.Ne1 Bg5 15.
Bxg5 Qxg5 16.Rd1 b6 17.Nd2 Nf4 18.Kh1 Qg6 19.f3 a5 20.Rf2 axb4 21.axb4 Ne6
22.Qb2 Nd4 23.Ra1 Rxa1 24.Qxa1 Qd6 25.Qb2 c5 26.b5 Qh6 27.Nf1 Rf8 28.Kg1 
f4 29.Qa1 Qd6 30.Ra2 g5 31.Ra8 h5 32.Rb8 Nb3 33.Qb2 Nd4 34.Qa1 Be6 35.
Rxf8+ Kxf8 36.Nd2 Qd8 37.h3 g4 38.fxg4 hxg4 39.hxg4 Bxg4 40.Ndf3 Bxf3 41.
Nxf3 Nxf3+ 42.gxf3 Qg5+ 1/2-1/2

[Event "17th EUR-ch"]
[Site "Gjakova KOS"]
[Date "2016.05.16"]
[Round "5.18"]
[White "Ipatov, Alexander"]
[Black "Oparin, Grigoriy"]
[Result "1/2-1/2"]
[WhiteElo "2648"]
[BlackElo "2575"]
[EventDate "2016.05.12"]
[PlyCount "69"]

1.d4 d5 2.c4 e6 3.Nf3 Nf6 4.g3 dxc4 5.Bg2 a6 6.O-O Nc6 7.e3 Bd7 8.Qe2 Bd6 
9.Nc3 O-O 10.Qxc4 b5 11.Qd3 e5 12.a3 Rb8 13.b4 Re8 14.d5 Ne7 15.Nd2 c5 16.
bxc5 Bxc5 17.Nde4 Nxe4 18.Nxe4 Bf5 19.Bb2 Bd6 20.Rac1 Qd7 21.f4 Ng6 22.Rc6
Bf8 23.h4 b4 24.h5 bxa3 25.Bxa3 Ne7 26.Rxa6 exf4 27.Rxf4 Nxd5 28.Qxd5 Qxd5
29.Nf6+ gxf6 30.Bxd5 Re5 31.e4 Bxa3 32.Rxf5 Rxf5 33.exf5 Bc5+ 34.Kg2 Rd8 
35.Ra8 1/2-1/2

[Event "17th EUR-ch"]
[Site "Gjakova KOS"]
[Date "2016.05.16"]
[Round "5.19"]
[White "Kovalenko, Igor"]
[Black "Brkic, Ante"]
[Result "1-0"]
[WhiteElo "2644"]
[BlackElo "2584"]
[EventDate "2016.05.12"]
[PlyCount "79"]

1.d4 Nf6 2.Nf3 d5 3.c4 e6 4.g3 dxc4 5.Bg2 Bb4+ 6.Bd2 c5 7.Bxb4 cxb4 8.Ne5 
O-O 9.Nxc4 Nc6 10.e3 e5 11.dxe5 Qxd1+ 12.Kxd1 Ng4 13.Ke2 Ngxe5 14.Nbd2 
Bg4+ 15.f3 Be6 16.Nd6 Rab8 17.Rhd1 Rfd8 18.N2e4 Nc4 19.b3 Nb6 20.Rac1 Ne7 
21.Nxb7 Rxd1 22.Rxd1 Ned5 23.Nbc5 f5 24.Nxe6 fxe4 25.Kf2 Re8 26.Bh3 exf3 
27.Kxf3 Kf7 28.e4 Nc3 29.Rd6 h6 30.e5 Nxa2 31.Nd8+ Kf8 32.Nc6 Nc3 33.Nxa7 
Nbd5 34.Nc6 Nc7 35.Bf1 N3b5 36.Rd7 Re6 37.Rd8+ Re8 38.Rxe8+ Kxe8 39.Bxb5 
Nxb5 40.Ke4 1-0

[Event "17th EUR-ch"]
[Site "Gjakova KOS"]
[Date "2016.05.16"]
[Round "5.20"]
[White "Kravtsiv, Martyn"]
[Black "Donchenko, Alexander"]
[Result "1/2-1/2"]
[WhiteElo "2641"]
[BlackElo "2569"]
[EventDate "2016.05.12"]
[PlyCount "133"]

1.e4 c6 2.d4 d5 3.e5 Bf5 4.Nf3 e6 5.Be2 c5 6.O-O Nc6 7.c3 cxd4 8.Nxd4 Nge7
9.f4 Qb6 10.Be3 Nxd4 11.Bxd4 Qxb2 12.c4 Qc2 13.cxd5 Qxd1 14.Rxd1 exd5 15.
Nc3 Nc6 16.Nxd5 O-O-O 17.Bf2 Ba3 18.Ne3 Be4 19.Nc4 Be7 20.Nd6+ Bxd6 21.
exd6 b6 22.Rac1 Kb7 23.d7 Nb8 24.Rd4 f5 25.Bb5 a6 26.Rd6 axb5 27.Rxb6+ Ka8
28.Rxb5 Nc6 29.Rd1 Rb8 30.a4 Bc2 31.Rc1 Bxa4 32.Rxf5 Rhd8 33.Rf7 Rb7 34.
Ra1 Kb8 35.Bc5 Rbxd7 36.Rxd7 Rxd7 37.Rxa4 Kc7 38.Kf2 Rd5 39.Be3 Kd7 40.Kf3
h5 41.h3 g6 42.Ke4 Rb5 43.g3 Ke6 44.Bd2 Rb6 45.Bc3 Ne7 46.Bd4 Rc6 47.g4 
hxg4 48.hxg4 Nc8 49.Be5 Nd6+ 50.Bxd6 Rxd6 51.Ra7 Rd1 52.Ke3 Rb1 53.g5 Re1+
54.Kf2 Rb1 55.Rg7 Kf5 56.Rf7+ Kg4 57.Ke3 Rb4 58.Rf6 Ra4 59.Rxg6 Rxf4 60.
Rf6 Ra4 61.g6 Ra8 62.g7 Rg8 63.Rf2 Kg5 64.Rg2+ Kf6 65.Kf3 Rxg7 66.Rxg7 
Kxg7 67.Ke4 1/2-1/2

[Event "17th EUR-ch"]
[Site "Gjakova KOS"]
[Date "2016.05.16"]
[Round "5.21"]
[White "Hovhannisyan, Robert"]
[Black "Gagunashvili, Merab"]
[Result "1/2-1/2"]
[WhiteElo "2632"]
[BlackElo "2569"]
[EventDate "2016.05.12"]
[PlyCount "141"]

1.e4 e5 2.Nc3 Nf6 3.Nf3 Nc6 4.d4 exd4 5.Nxd4 Bb4 6.Nxc6 bxc6 7.Bd3 d5 8.
exd5 cxd5 9.O-O O-O 10.h3 c6 11.Qf3 Re8 12.Bf4 Bd6 13.Rfe1 Bxf4 14.Rxe8+ 
Nxe8 15.Qxf4 Qd6 16.Re1 Be6 17.Ne2 h6 18.b4 a5 19.b5 cxb5 20.Bxb5 Qxf4 21.
Nxf4 Nc7 22.Bd3 Rb8 23.c4 dxc4 24.Nxe6 Nxe6 25.Bxc4 Rc8 26.Bxe6 fxe6 27.
Rxe6 Rc1+ 28.Kh2 Rc2 29.a3 Rxf2 30.Re5 a4 31.Re4 Ra2 32.Rxa4 h5 33.h4 Kh7 
34.Ra5 Kh6 35.Ra6+ g6 36.Ra7 Ra1 37.Kg3 Ra2 38.Kf3 Ra1 39.Ra8 Kg7 40.Ra5 
Kf6 41.Ra7 Ra2 42.Kg3 Ra1 43.Kf4 Rf1+ 44.Ke3 Rg1 45.Kf2 Ra1 46.Ra4 Kg7 47.
Ra8 Ra2+ 48.Kf3 Ra1 49.a4 Ra3+ 50.Kf4 Ra2 51.g3 Rf2+ 52.Ke4 Rg2 53.Kf3 Ra2
54.Ra5 Kf6 55.Kf4 Rf2+ 56.Ke4 Ra2 57.Ra8 Kg7 58.Ra7+ Kf6 59.Ra6+ Kg7 60.
Kf3 Ra1 61.Ra7+ Kf6 62.Ke3 Rg1 63.Ra6+ Kg7 64.Kf3 Rf1+ 65.Kg2 Ra1 66.a5 
Ra2+ 67.Kh3 Kf7 68.Ra8 Kg7 69.Ra7+ Kg8 70.a6 Kh8 71.Ra8+ 1/2-1/2

[Event "17th EUR-ch"]
[Site "Gjakova KOS"]
[Date "2016.05.16"]
[Round "5.22"]
[White "Moroni, Luca jr"]
[Black "Onischuk, Vladimir"]
[Result "1/2-1/2"]
[WhiteElo "2438"]
[BlackElo "2628"]
[EventDate "2016.05.12"]
[PlyCount "94"]

1.d4 d6 2.Nf3 g6 3.g3 Bg7 4.Bg2 Nf6 5.O-O O-O 6.c4 Nc6 7.Nc3 e5 8.d5 Nb8 
9.e4 a5 10.Rb1 Na6 11.Ne1 Nd7 12.a3 Nb6 13.b3 Bd7 14.Qe2 Nc5 15.b4 Nca4 
16.Nxa4 Nxa4 17.Qc2 axb4 18.axb4 f5 19.Nd3 g5 20.Ra1 f4 21.f3 b5 22.Nb2 
Nxb2 23.Bxb2 bxc4 24.Qxc4 Rb8 25.Ra5 Rb7 26.Rfa1 fxg3 27.hxg3 g4 28.fxg4 
Qg5 29.Ra8 Qxg4 30.Rxf8+ Bxf8 31.Kf2 Bh6 32.Bf3 Qg6 33.Bc3 Bb5 34.Ra8+ Kg7
35.Qa2 Qg5 36.Kg2 Qc1 37.Qf2 Be3 38.Qe1 Qc2+ 39.Kh1 Bg5 40.Qa1 Qd3 41.Kg2 
Qc2+ 42.Kg1 c6 43.dxc6 Bxc6 44.Qa2 Qc1+ 45.Kh2 Rf7 46.Ra7 Rxa7 47.Qxa7+ 
Kh6 1/2-1/2

[Event "17th EUR-ch"]
[Site "Gjakova KOS"]
[Date "2016.05.16"]
[Round "5.23"]
[White "Lupulescu, Constantin"]
[Black "Stocek, Jiri"]
[Result "1/2-1/2"]
[WhiteElo "2620"]
[BlackElo "2531"]
[EventDate "2016.05.12"]
[PlyCount "37"]

1.d4 e6 2.Nf3 c5 3.e4 cxd4 4.Nxd4 Nf6 5.Nc3 d6 6.Be3 Be7 7.f3 O-O 8.Qd2 e5
9.Nde2 Be6 10.O-O-O Nbd7 11.g4 Nb6 12.Ng3 d5 13.Bxb6 axb6 14.exd5 Nxd5 15.
Nxd5 Bg5 16.Ne3 Qd4 17.Qxd4 exd4 18.a3 g6 19.Kb1 1/2-1/2

[Event "17th EUR-ch"]
[Site "Gjakova KOS"]
[Date "2016.05.16"]
[Round "5.24"]
[White "Nabaty, Tamir"]
[Black "Andersen, Mads"]
[Result "1-0"]
[WhiteElo "2619"]
[BlackElo "2505"]
[EventDate "2016.05.12"]
[PlyCount "67"]

1.e4 e5 2.Nf3 Nc6 3.Bc4 Bc5 4.O-O Nf6 5.Re1 O-O 6.Bb3 d6 7.c3 a5 8.d4 Bb6 
9.h3 h6 10.Be3 exd4 11.cxd4 d5 12.e5 Ne4 13.Nc3 Nxc3 14.bxc3 Bf5 15.g4 Bg6
16.Bf4 Ne7 17.Bg3 c5 18.e6 fxe6 19.Rxe6 Bf7 20.Rd6 Qc7 21.Rxh6 Qxg3+ 22.
fxg3 gxh6 23.Ne5 cxd4 24.cxd4 Be8 25.Ba4 Bxa4 26.Qxa4 Rac8 27.Rf1 Rxf1+ 
28.Kxf1 Rc1+ 29.Kg2 Nc6 30.Qb3 Nb4 31.Qf3 Rc2+ 32.Kf1 Rc7 33.Qf6 Nc6 34.
Qe6+ 1-0

[Event "17th EUR-ch"]
[Site "Gjakova KOS"]
[Date "2016.05.16"]
[Round "5.25"]
[White "Salgado Lopez, Ivan"]
[Black "Petrosian, Manuel"]
[Result "1/2-1/2"]
[WhiteElo "2618"]
[BlackElo "2480"]
[EventDate "2016.05.12"]
[PlyCount "102"]

1.e4 e5 2.Nf3 Nc6 3.Bb5 a6 4.Ba4 Nf6 5.O-O Be7 6.Re1 b5 7.Bb3 d6 8.a4 Bd7 
9.c3 O-O 10.d4 h6 11.Nbd2 Re8 12.Nf1 Bf8 13.Ng3 Na5 14.Bc2 c5 15.h3 Qc7 
16.d5 g6 17.b4 cxb4 18.cxb4 Rac8 19.Bd3 Nc4 20.Ra2 Qb7 21.Rc2 Nb6 22.a5 
Rxc2 23.Qxc2 Nc4 24.Re2 Rc8 25.Qb1 Rc7 26.Rc2 Qc8 27.Rc3 Bg7 28.Qc2 Ne8 
29.Bxc4 Rxc4 30.Rxc4 bxc4 31.Nd2 Bb5 32.Nb1 h5 33.Na3 f5 34.Nxb5 axb5 35.
Ne2 f4 36.Nc3 Qb7 37.f3 Bf6 38.Qf2 Bd8 39.h4 Qa6 40.Kf1 Kf7 41.Bd2 Qb7 42.
Be1 Nf6 43.Qa2 Qa6 44.Ke2 Nd7 45.Bf2 Nb8 46.Qa1 Ke7 47.Qh1 Bxa5 48.bxa5 
Qxa5 49.Nd1 Qa2+ 50.Ke1 Qa5+ 51.Ke2 Qa2+ 1/2-1/2

[Event "17th EUR-ch"]
[Site "Gjakova KOS"]
[Date "2016.05.16"]
[Round "5.26"]
[White "Anton Guijarro, David"]
[Black "Atakisi, Umut"]
[Result "1/2-1/2"]
[WhiteElo "2616"]
[BlackElo "2330"]
[EventDate "2016.05.12"]
[PlyCount "34"]

1.d4 d5 2.c4 c6 3.Nf3 Nf6 4.Nc3 dxc4 5.a4 Bf5 6.e3 e6 7.Bxc4 Bb4 8.O-O O-O
9.Nh4 Nbd7 10.h3 Bg6 11.Nxg6 hxg6 12.Qc2 Rc8 13.Rd1 Qe7 14.a5 b5 15.axb6 
axb6 16.Bd2 b5 17.Be2 e5 1/2-1/2

[Event "17th EUR-ch"]
[Site "Gjakova KOS"]
[Date "2016.05.16"]
[Round "5.27"]
[White "Kryvoruchko, Yuriy"]
[Black "Steingrimsson, Hedinn"]
[Result "1/2-1/2"]
[WhiteElo "2691"]
[BlackElo "2574"]
[EventDate "2016.05.12"]
[PlyCount "54"]

1.e4 e5 2.Nf3 Nc6 3.Bb5 a6 4.Ba4 Nf6 5.O-O Be7 6.d3 d6 7.c3 O-O 8.Re1 Re8 
9.Nbd2 Bf8 10.Nf1 h6 11.Ng3 b5 12.Bb3 Na5 13.Bc2 c5 14.d4 exd4 15.cxd4 Bg4
16.d5 Nc4 17.h3 Bxf3 18.gxf3 g6 19.b3 Nb6 20.Be3 Bg7 21.Qd2 h5 22.Bh6 Bxh6
23.Qxh6 Nh7 24.f4 Qf6 25.Kh2 Qg7 26.Qxg7+ Kxg7 27.Nf1 c4 1/2-1/2

[Event "17th EUR-ch"]
[Site "Gjakova KOS"]
[Date "2016.05.16"]
[Round "5.28"]
[White "Vocaturo, Daniele"]
[Black "Hammer, Jon Ludvig"]
[Result "1-0"]
[WhiteElo "2574"]
[BlackElo "2689"]
[EventDate "2016.05.12"]
[PlyCount "108"]

1.e4 e5 2.Nf3 Nc6 3.Bc4 Bc5 4.c3 Nf6 5.d3 O-O 6.O-O d5 7.exd5 Nxd5 8.Re1 
Bg4 9.h3 Bh5 10.Nbd2 Nb6 11.b4 Be7 12.Qe2 Nxc4 13.Nxc4 f6 14.b5 Nb8 15.d4 
a6 16.bxa6 Rxa6 17.dxe5 Rc6 18.Bb2 Bxf3 19.Qxf3 fxe5 20.Qe4 Bc5 21.Rad1 
Qe7 22.Re2 Nd7 23.Rdd2 Rcf6 24.Ne3 Nb6 25.c4 Bxe3 26.fxe3 Qe6 27.Rc2 Qc6 
28.Qxe5 Nxc4 29.Qd4 b5 30.a4 Qe6 31.axb5 Nxb2 32.Rxb2 Rf1+ 33.Kh2 h6 34.
Rbc2 R8f7 35.Rxc7 Rxc7 36.Qd8+ Kh7 37.Qxc7 Rb1 38.Qc5 Qe4 39.Rf2 Rb3 40.
Rf4 Qb1 41.Rf5 Qd3 42.Re5 Qg6 43.Qd5 Rb2 44.Qf3 Qd6 45.Qf5+ Kh8 46.Qf4 Kh7
47.h4 Qg6 48.Qg3 Qf6 49.Qf4 Qg6 50.Qf3 Rb4 51.Kh3 Qb1 52.Qf5+ Qxf5+ 53.
Rxf5 Kg6 54.g4 Re4 1-0

[Event "17th EUR-ch"]
[Site "Gjakova KOS"]
[Date "2016.05.16"]
[Round "5.29"]
[White "Brunello, Sabino"]
[Black "Piorun, Kacper"]
[Result "0-1"]
[WhiteElo "2573"]
[BlackElo "2681"]
[EventDate "2016.05.12"]
[PlyCount "76"]

1.d4 d5 2.c4 c5 3.cxd5 Qxd5 4.Nf3 cxd4 5.Nc3 Qa5 6.Nxd4 Nf6 7.g3 e5 8.Nb3 
Qc7 9.Bg2 Bb4 10.O-O Bxc3 11.bxc3 O-O 12.Bg5 Nbd7 13.Qc1 h6 14.Be3 Nb6 15.
c4 Bd7 16.Na5 Na4 17.Nxb7 Bc6 18.Bxc6 Qxc6 19.Na5 Qa6 20.Bd2 Rfc8 21.Qa3 
Nc5 22.Qe3 Ng4 23.Qf3 Qe6 24.Bb4 Rab8 25.a3 Nf6 26.Kg2 Nce4 27.h4 Nd6 28.
c5 Nf5 29.e3 e4 30.Qe2 Nd7 31.Rfd1 Nxc5 32.Rac1 Nd3 33.Rxc8+ Rxc8 34.Rxd3 
exd3 35.Qxd3 Ne7 36.e4 Ng6 37.h5 Ne5 38.Qe2 Rc1 0-1

[Event "17th EUR-ch"]
[Site "Gjakova KOS"]
[Date "2016.05.16"]
[Round "5.30"]
[White "Kulaots, Kaido"]
[Black "Howell, David"]
[Result "1/2-1/2"]
[WhiteElo "2566"]
[BlackElo "2671"]
[EventDate "2016.05.12"]
[PlyCount "62"]

1.e4 e5 2.Nf3 Nc6 3.Bb5 a6 4.Ba4 Nf6 5.O-O Be7 6.Re1 b5 7.Bb3 d6 8.c3 O-O 
9.h3 Na5 10.Bc2 c5 11.d4 Nd7 12.b3 exd4 13.cxd4 Nc6 14.Nc3 Bf6 15.Be3 cxd4
16.Nxd4 Nxd4 17.Bxd4 Bb7 18.Rc1 Rc8 19.Bb1 b4 20.Ne2 Rxc1 21.Qxc1 Re8 22.
Bxf6 Nxf6 23.Ng3 g6 24.Qd2 a5 25.Qd4 Nd5 26.Ne2 Nf6 27.Ng3 h5 28.Re3 Qe7 
29.Bd3 h4 30.Nf1 Nh5 31.Nh2 Nf6 1/2-1/2

[Event "17th EUR-ch"]
[Site "Gjakova KOS"]
[Date "2016.05.16"]
[Round "5.31"]
[White "Nisipeanu, Liviu-Dieter"]
[Black "Boruchovsky, Avital"]
[Result "1/2-1/2"]
[WhiteElo "2669"]
[BlackElo "2542"]
[EventDate "2016.05.12"]
[PlyCount "38"]

1.d4 d5 2.Nf3 Nf6 3.Bf4 c5 4.e3 e6 5.Nbd2 Bd6 6.dxc5 Bxc5 7.Bd3 Nc6 8.O-O 
h6 9.c4 O-O 10.Nb3 Be7 11.cxd5 Nxd5 12.Bg3 Bd7 13.a3 Qb6 14.Re1 Rfd8 15.
Nfd2 Na5 16.Nxa5 Qxa5 17.Nc4 Qa6 18.Nd6 Qb6 19.Nc4 Qa6 1/2-1/2

[Event "17th EUR-ch"]
[Site "Gjakova KOS"]
[Date "2016.05.16"]
[Round "5.32"]
[White "Areschenko, Alexander"]
[Black "Dvirnyy, Danyyil"]
[Result "1/2-1/2"]
[WhiteElo "2667"]
[BlackElo "2552"]
[EventDate "2016.05.12"]
[PlyCount "57"]

1.e4 c6 2.d4 d5 3.e5 Bf5 4.Nf3 e6 5.Be2 Nd7 6.O-O Ne7 7.Nbd2 h6 8.Nb3 Bh7 
9.Bd2 Ng6 10.g3 Be7 11.h4 O-O 12.c4 f6 13.h5 Nh8 14.cxd5 cxd5 15.Rc1 Nf7 
16.Ba5 b6 17.Bc3 Rc8 18.Re1 Ng5 19.Nxg5 fxg5 20.Na1 Nb8 21.Qa4 a6 22.Bb4 
Bxb4 23.Qxb4 Nc6 24.Qd2 a5 25.Rc3 Ne7 26.Nc2 Qd7 27.Na3 Rxc3 28.bxc3 Be4 
29.Nb5 1/2-1/2

[Event "17th EUR-ch"]
[Site "Gjakova KOS"]
[Date "2016.05.16"]
[Round "5.33"]
[White "Moiseenko, Olexandr"]
[Black "Mastrovasilis, Athanasios"]
[Result "1/2-1/2"]
[WhiteElo "2663"]
[BlackElo "2542"]
[EventDate "2016.05.12"]
[PlyCount "96"]

1.d4 Nf6 2.c4 e6 3.Nc3 d5 4.cxd5 exd5 5.Bg5 c6 6.e3 h6 7.Bh4 Be7 8.Qc2 
Nbd7 9.Bd3 Nh5 10.Bxe7 Qxe7 11.O-O-O Nb6 12.Kb1 Nf6 13.Nge2 Bd7 14.Nc1 
O-O-O 15.Nb3 Kb8 16.Rhe1 Bc8 17.f3 Qc7 18.h3 Rhe8 19.a4 Qe7 20.a5 Nc4 21.
e4 Qb4 22.Na2 Qa4 23.Qc3 b6 24.axb6 axb6 25.Nb4 Be6 26.f4 Nxe4 27.Rxe4 
dxe4 28.Bxc4 c5 29.Na6+ Ka7 30.d5 e3 31.Nc7 Bf5+ 32.Kc1 e2 33.Re1 Re3 34.
Nb5+ Kb7 35.Qxe3 Qxc4+ 36.Nc3 Qxb3 37.Rxe2 Qc4 38.Qf3 Qa6 39.Kd2 Qa1 40.g4
Qxb2+ 41.Ke1 Qc1+ 42.Kf2 Bc8 43.f5 g5 44.fxg6 fxg6 45.Qf6 Qg5 46.Qc6+ Kb8 
47.Qxb6+ Bb7 48.Kg3 h5 1/2-1/2

[Event "17th EUR-ch"]
[Site "Gjakova KOS"]
[Date "2016.05.16"]
[Round "5.34"]
[White "Antal, Gergely"]
[Black "Dreev, Alexei"]
[Result "1/2-1/2"]
[WhiteElo "2539"]
[BlackElo "2662"]
[EventDate "2016.05.12"]
[PlyCount "104"]

1.e4 c6 2.d4 d5 3.Nd2 dxe4 4.Nxe4 Bf5 5.Qf3 e6 6.Ne2 Nd7 7.N2g3 Bg6 8.h4 
Ndf6 9.c3 h5 10.Ng5 Qd5 11.Be2 Bd6 12.Nf1 Ng4 13.Ne3 Nxe3 14.Qxe3 Nf6 15.
Bd2 Bc7 16.Qf3 O-O 17.Qxd5 exd5 18.O-O Bf5 19.Rfe1 g6 20.Bf1 Bd6 21.g3 a5 
22.Bh3 Bg4 23.Kg2 a4 24.f3 Bd7 25.Bxd7 Nxd7 26.Nh3 Rfe8 27.Bf4 Bf8 28.Nf2 
Nb6 29.Nd3 Nc4 30.Kf2 f6 31.Rxe8 Rxe8 32.b3 Na3 33.Rc1 Ra8 34.b4 Re8 35.
Nb2 Nb5 36.Bd2 Kf7 37.Re1 Ra8 38.Nd3 Bd6 39.Rc1 Re8 40.Re1 Rxe1 41.Bxe1 g5
42.Nb2 a3 43.Nd3 gxh4 44.gxh4 Kg6 45.Bd2 Kf5 46.Kg2 Bb8 47.Kf2 Bc7 48.Kg2 
Bd6 49.Kf2 Ke6 50.Nc5+ Bxc5 51.bxc5 Kf5 52.Kg3 Nc7 1/2-1/2

[Event "17th EUR-ch"]
[Site "Gjakova KOS"]
[Date "2016.05.16"]
[Round "5.35"]
[White "Jones, Gawain"]
[Black "Stupak, Kirill"]
[Result "1/2-1/2"]
[WhiteElo "2657"]
[BlackElo "2535"]
[EventDate "2016.05.12"]
[PlyCount "115"]

1.e4 e6 2.d4 d5 3.Nc3 dxe4 4.Nxe4 Nd7 5.Nf3 Ngf6 6.Nxf6+ Nxf6 7.Bc4 Be7 8.
O-O O-O 9.Ne5 c5 10.dxc5 Qxd1 11.Rxd1 Bxc5 12.Be2 Ne4 13.Nd3 Be7 14.Be3 f6
15.Bf3 Nd6 16.Bc5 Rd8 17.a4 e5 18.a5 Kf7 19.Re1 Bf8 20.Ra4 Bd7 21.Bd5+ Kg6
22.Rh4 Bc6 23.Be6 Re8 24.Bg4 Red8 25.f4 e4 26.Bh5+ Kf5 27.Nb4 Ke6 28.Nxc6 
bxc6 29.Bxd6 Kxd6 30.Rxe4 Kc7 31.Rc4 Rab8 32.Bf3 c5 33.b3 h6 34.f5 Rb5 35.
a6 Ra5 36.Ra4 Rxa4 37.Rxa4 Rd4 38.Ra1 Bd6 39.Be2 Kb6 40.Bd3 Be5 41.Re1 Kc7
42.g3 Rd8 43.Kf2 Rd4 44.Kf3 Kb6 45.Re2 Kc7 46.Be4 h5 47.Rg2 Rd1 48.Bd3 Re1
49.Be2 Bd4 50.Bc4 Kd6 51.Rd2 Ke5 52.Be2 Rc1 53.Bd3 Re1 54.h4 Re3+ 55.Kg2 
Bc3 56.Rf2 Be1 57.Rf3 Rxf3 58.Kxf3 1/2-1/2

[Event "17th EUR-ch"]
[Site "Gjakova KOS"]
[Date "2016.05.16"]
[Round "5.36"]
[White "Tari, Aryan"]
[Black "Kobalia, Mikhail"]
[Result "1/2-1/2"]
[WhiteElo "2558"]
[BlackElo "2646"]
[EventDate "2016.05.12"]
[PlyCount "53"]

1.e4 c5 2.Nf3 e6 3.d4 cxd4 4.Nxd4 a6 5.c4 Nf6 6.Nc3 Qc7 7.a3 b6 8.Be3 Bb7 
9.f3 d6 10.Qd2 Nbd7 11.Be2 Be7 12.O-O O-O 13.Rac1 Rfc8 14.b4 Qd8 15.Rfd1 
Rab8 16.Na4 Ba8 17.Bf1 Ne5 18.Qf2 Nfd7 19.h3 Ng6 20.Nb3 Rc6 21.Nd4 Rcc8 
22.Nb3 Rc6 23.Rc2 Qe8 24.Nd4 Rcc8 25.Nb3 Rc6 26.Nd4 Rcc8 27.Nb3 1/2-1/2

[Event "17th EUR-ch"]
[Site "Gjakova KOS"]
[Date "2016.05.16"]
[Round "5.37"]
[White "Melkumian, Hrant"]
[Black "Sivuk, Vitaly"]
[Result "1-0"]
[WhiteElo "2646"]
[BlackElo "2532"]
[EventDate "2016.05.12"]
[PlyCount "125"]

1.c4 c5 2.Nf3 g6 3.Nc3 Bg7 4.g3 Nc6 5.Bg2 e6 6.d4 cxd4 7.Nb5 d5 8.cxd5 
exd5 9.O-O Nge7 10.Nbxd4 O-O 11.Be3 Bg4 12.h3 Bf5 13.Nxc6 Nxc6 14.Nd4 Nxd4
15.Bxd4 Be4 16.Rc1 Re8 17.e3 Bxg2 18.Kxg2 Bxd4 19.Qxd4 Qa5 20.a3 Re4 21.
Qc5 Qd2 22.Rc2 Qd3 23.Rc3 Rc4 24.Rxd3 Rxc5 25.Rfd1 Rd8 26.b4 Rc2 27.Rxd5 
Rxd5 28.Rxd5 Ra2 29.Ra5 a6 30.g4 Kf8 31.h4 h6 32.Kg3 Kg7 33.f4 Ra1 34.h5 
gxh5 35.gxh5 Kf6 36.Kf3 Ke6 37.Ke4 Ra2 38.Kd4 Kd6 39.a4 Rd2+ 40.Ke4 Rb2 
41.Kf5 Rxb4 42.Kf6 Re4 43.Kxf7 Rxe3 44.Rf5 Re7+ 45.Kg6 Re6+ 46.Kg7 b6 47.
Rf7 b5 48.axb5 axb5 49.f5 Re1 50.Rf6+ Kc7 51.Re6 Rg1+ 52.Rg6 Rf1 53.f6 Kd7
54.Rg2 Ke6 55.Re2+ Kd7 56.f7 Rg1+ 57.Kxh6 Rf1 58.Kg7 Rg1+ 59.Kf8 Rh1 60.
Re7+ Kd8 61.Re5 b4 62.Rd5+ Kc7 63.Ke7 1-0

[Event "17th EUR-ch"]
[Site "Gjakova KOS"]
[Date "2016.05.16"]
[Round "5.38"]
[White "Sanikidze, Tornike"]
[Black "Volokytin, Andriy"]
[Result "1/2-1/2"]
[WhiteElo "2537"]
[BlackElo "2642"]
[EventDate "2016.05.12"]
[PlyCount "82"]

1.d4 Nf6 2.c4 g6 3.f3 e6 4.e4 c5 5.d5 d6 6.Nc3 Bg7 7.Nge2 O-O 8.Ng3 exd5 
9.cxd5 Na6 10.Be2 Nc7 11.O-O a6 12.a4 Bd7 13.Bg5 h6 14.Be3 b5 15.e5 Qe8 
16.f4 dxe5 17.f5 b4 18.Nce4 Nxe4 19.Nxe4 Bxf5 20.Nd6 Qd7 21.Bxc5 Rfd8 22.
Bxb4 Rab8 23.Ba3 Bf8 24.Nxf5 gxf5 25.Bxf8 Kxf8 26.Qd3 f4 27.Qh7 Qd6 28.Bh5
Qf6 29.Bxf7 Qg7 30.Qxg7+ Kxg7 31.Rac1 Nxd5 32.Bxd5 Rxd5 33.Rc7+ Kg6 34.
Rc6+ Kg5 35.Rxa6 Rxb2 36.h4+ Kh5 37.Re1 e4 38.Rxe4 f3 39.Kh2 fxg2 40.Rae6 
g1=Q+ 41.Kxg1 Rd1+ 1/2-1/2

[Event "17th EUR-ch"]
[Site "Gjakova KOS"]
[Date "2016.05.16"]
[Round "5.39"]
[White "Blomqvist, Erik"]
[Black "Romanov, Evgeny"]
[Result "0-1"]
[WhiteElo "2526"]
[BlackElo "2641"]
[EventDate "2016.05.12"]
[PlyCount "50"]

1.e4 e5 2.Nf3 Nc6 3.d4 exd4 4.Nxd4 Bc5 5.Nb3 Bb6 6.Nc3 d6 7.Qe2 a5 8.Nd5 
Ba7 9.a4 Nge7 10.Bg5 O-O 11.Qd2 f6 12.Be3 f5 13.Bxa7 Rxa7 14.Bc4 Kh8 15.
exf5 Nxd5 16.Bxd5 Re8+ 17.Kf1 Bxf5 18.Bxc6 bxc6 19.f3 c5 20.Nxa5 Qh4 21.b3
d5 22.g3 Qf6 23.Kg2 Rxa5 24.Qxa5 Re2+ 25.Kf1 Bd3 0-1

[Event "17th EUR-ch"]
[Site "Gjakova KOS"]
[Date "2016.05.16"]
[Round "5.40"]
[White "Georgiev, Kiril"]
[Black "Svane, Rasmus"]
[Result "1/2-1/2"]
[WhiteElo "2640"]
[BlackElo "2526"]
[EventDate "2016.05.12"]
[PlyCount "65"]

1.Nf3 d5 2.g3 g6 3.Bg2 Bg7 4.d4 Nd7 5.c4 dxc4 6.Na3 Nb6 7.Nxc4 Nxc4 8.Qa4+
c6 9.Qxc4 Nf6 10.O-O O-O 11.Bf4 Qb6 12.Qc1 Bf5 13.Be5 Rfd8 14.e3 Rac8 15.
Rd1 Be4 16.Ng5 Bxg2 17.Kxg2 c5 18.Qc4 Qc6+ 19.Kg1 Qd5 20.Rac1 h6 21.Bxf6 
Qxc4 22.Rxc4 Bxf6 23.Ne4 cxd4 24.Nxf6+ exf6 25.Rdxd4 Rxc4 26.Rxd8+ Kg7 27.
Rd7 Rb4 28.b3 Rb6 29.Kg2 Ra6 30.Rxb7 Rxa2 31.b4 a5 32.bxa5 Rxa5 33.h4 
1/2-1/2

[Event "17th EUR-ch"]
[Site "Gjakova KOS"]
[Date "2016.05.16"]
[Round "5.41"]
[White "Beliavsky, Alexander"]
[Black "Erdogdu, Mert"]
[Result "0-1"]
[WhiteElo "2624"]
[BlackElo "2439"]
[EventDate "2016.05.12"]
[PlyCount "126"]

1.c4 Nf6 2.Nc3 c5 3.g3 d5 4.cxd5 Nxd5 5.Bg2 Nc7 6.d3 e5 7.f4 exf4 8.Bxf4 
Nc6 9.Bxc6+ bxc6 10.Qa4 Ne6 11.Nf3 Be7 12.Ne5 Bb7 13.O-O-O f6 14.Nc4 O-O 
15.Ne4 f5 16.Ned2 Nd4 17.e3 Ne2+ 18.Kc2 Nxf4 19.gxf4 Qd5 20.Rhg1 Rfd8 21.
Nb3 a5 22.Nb6 Qf3 23.Qc4+ Kh8 24.Nxa8 Qf2+ 25.Nd2 Bxa8 26.Rdf1 Qe2 27.Re1 
Qh5 28.e4 Bh4 29.Rd1 Qe2 30.Kc1 Qe3 31.Qf7 Rg8 32.Kc2 fxe4 33.Nc4 exd3+ 
34.Kb1 Qf2 35.Rgf1 Qc2+ 36.Ka1 Bf6 37.Rc1 Qe2 38.Rce1 Qg2 39.Rg1 Qf2 40.
Rgf1 Qg2 41.Qa7 Bd4 42.Qxa5 Bb7 43.Qd2 Qd5 44.Nb6 Qd8 45.Na4 Ba6 46.Re4 
Bc4 47.Rfe1 Bf7 48.Re7 Qd5 49.Rxf7 Qxf7 50.Qxd3 Ra8 51.Qc2 Qxf4 52.Nxc5 
Qf3 53.Na4 h6 54.Kb1 Rb8 55.Qe4 Qf6 56.Re2 c5 57.a3 Qa6 58.Qc2 Ra8 59.Nc3 
Bxc3 60.bxc3 Qxa3 61.Qb2 Qa4 62.Re1 Qa7 63.Kc1 Rb8 0-1